| 000 | 00495nam a2200145 a 4500 | ||
|---|---|---|---|
| 008 | 120416s1973 ||||||||||||||||| || u | ||
| 050 | _aGF 750.Z2 Zam | ||
| 100 | _aElgie, Ian D | ||
| 245 | 1 | 0 |
_aConference handbook _cedited by Ian D. Elgie |
| 246 | _aChipata 1973 | ||
| 260 |
_aLusaka _bZ.G.A _c1973 |
||
| 300 | _aviii, 188p. : ill. | ||
| 350 | _a0.00 | ||
| 995 |
_D0.00 _FCBU-MAIN LIBRARY (Kitwe) _H1 _I2.00 _M1 _UAVAILABLE _ZZambiana Collection |
||
| 999 |
_c38404 _d38404 |
||